Airlines by Country - Statistics

General Stats
  • This quiz has been taken 83 times
  • The average score is 24 of 40
Answer Stats
Airline Country % Correct
Jetstar Australia
83%
Aegean Airlines Greece
83%
Air Asia Malaysia
82%
Cebu Pacific Phillippines
80%
Frontier Airlines United States
80%
Air Europa Spain
78%
Edelweiss Air Switzerland
78%
Gulf Air Bahrain
77%
Azul Brazil
77%
Flybe United Kingdom
75%
Condor Germany
73%
Air Arabia United Arab Emirates
73%
Pegasus Airlines Turkey
70%
Scoot Singapore
68%
Porter Airlines Canada
67%
WOW Air Iceland
65%
HOP! France
62%
Interjet Mexico
60%
Transavia Netherlands
58%
Mahan Air Iran
57%
Adria Airways Slovenia
57%
Nok Air Thailand
57%
Batik Air Indonesia
55%
Arkia Israel
55%
Druk Air Bhutan
53%
Afriqiyah Airways Libya
53%
Wideroe Norway
52%
Mango South Africa
52%
UTair Russia
50%
Flynas Saudi Arabia
48%
Conviasa Venezuela
45%
Lucky Air China
42%
Cobalt Air Cyprus
42%
TAME Ecuador
40%
Eastar Jet South Korea
40%
Go Air India
37%
Starflyer Japan
37%
Arik Air Nigeria
37%
AirBlue Pakistan
37%
UNI Air Taiwan
37%
No matching quizzes found
Score Distribution
Percent of People with Each Score
Percentile by Number Answered
Your Score History
You have not taken this quiz